Letting Genie out of the bottle (towards the formulation of policies to promote innovation activities of private firms)

Rozdiely v inovačných aktivitách rozličných krajín. Inovácie v rámci krajín OECD. Inovačné aktivity v literatúre. Inovačné aktivity ako reakcia na vonkajšie prostredie. Lekcie na podporu inovačných procesov firiem v tranzitívnych ekonomikách.

Na minha lista:
Detalhes bibliográficos
Autor principal: Čaplánová, Anetta, 1967-
Outros Autores: Sivák, Rudolf, 1955-
Formato: Capítulo de Livro
Idioma:inglês
Assuntos:
Tags: Adicionar Tag
Sem tags, seja o primeiro a adicionar uma tag!

MARC

LEADER 00000naa$a2200000$$$4500
001 0159766
005 20250707084435.8
041 0 |a eng 
044 |a TH 
245 1 0 |a Letting Genie out of the bottle (towards the formulation of policies to promote innovation activities of private firms)  |c Anetta Čaplánová, Rudolf Sivák 
520 |a Rozdiely v inovačných aktivitách rozličných krajín. Inovácie v rámci krajín OECD. Inovačné aktivity v literatúre. Inovačné aktivity ako reakcia na vonkajšie prostredie. Lekcie na podporu inovačných procesov firiem v tranzitívnych ekonomikách. 
610 2 0 |a inovácia 
610 2 0 |a firmy 
610 2 0 |a krajiny tranzitívne 
100 1 |a Čaplánová, Anetta, 1967- 
700 1 |a Sivák, Rudolf, 1955-